Nommez un lieu par catégorie et nombre de lettres - Statistiques

Statistiques générales
  • Ce quiz a été pris 77 fois
  • Le résultat moyen est 58 sur 99
Statistiques - réponses
Catégorie Lettres # Possible Exemple Pays % Correct
Pays 5 25 Pérou
96%
Pays 6 27 France
96%
Capitale 5 27 Paris
94%
Pays 4 8 Inde
93%
Département 5 12 Indre
93%
Préfecture 5 16 Blois
93%
Pays 8 35 Cambodge
91%
Pays 9 13 Thaïlande
90%
Capitale 4 11 Lima
88%
Capitale 6 42 Berlin
88%
Capitale 10 17 Wellington
88%
Pays 7 39 Mexique
87%
Pays +20 7 Papouasie-Nouvelle-Guinée
87%
Département 3 3 Var
87%
Préfecture 4 10 Caen
87%
Pays 10 11 Corée du Sud
84%
Département 4 11 Cher
84%
Pays 17 6 République Tchèque
82%
Etat des USA 7 9 Alabama
82%
Etat des USA 10 2 Californie
82%
Pays 11 13 Ouzbékistan
81%
Etat des USA 4 3 Ohio
81%
Etat des USA 5 4 Maine
81%
Capitale 8 37 Funafuti
79%
Capitale 7 25 Bangkok
78%
Capitale 9 23 Ljubljana
78%
Ville du monde de plus de 5 millions d'habitants 7 6 New York
76%
Préfecture 7 15 Orléans
76%
Etat des USA 6 4 Alaska
76%
Département 6 15 Loiret
75%
Etat des USA 8 11 Michigan
75%
Préfecture 8 12 Chartres
74%
Etat des USA 11 4 Mississippi
74%
Pays 12 5 Îles Marshall
72%
Département 8 9 Charente
72%
Préfecture 9 6 Perpignan
72%
Pays 15 3 Macédoine du Nord
71%
Ville du monde de plus de 5 millions d'habitants 8 5 Istanbul
71%
Préfecture 6 19 Nantes
71%
Préfecture 10 4 Strasbourg
71%
Villes de France de plus de 50 000 habitants 5 6 Reims
69%
Etat des USA 13 3 Caroline du Sud
68%
Département 7 11 Aveyron
66%
Ville du monde de plus de 5 millions d'habitants 6 5 Mumbai
65%
Ville du monde de plus de 5 millions d'habitants 12 2 Johannesburg
65%
Département 10 11 Loir-et-Cher
65%
Etat des USA 14 2 Nouveau-Mexique
65%
Ville du monde de plus de 5 millions d'habitants 10 1 Los Angeles
63%
Etat des USA 9 5 Louisiane
63%
Etat des USA 12 2 New Hampshire
63%
Capitale 11 7 San Salvador
62%
Département 12 8 Indre-et-Loire
62%
Préfecture 3 2 Pau
62%
Ville du monde de plus de 5 millions d'habitants 5 3 Osaka
60%
Département 11 5 Haute-Vienne
60%
Préfecture 12 4 Le Puy-en-Velay
59%
Département 9 3 La Réunion
57%
Villes de France de plus de 50 000 habitants 6 12 Nouméa
56%
Villes de France de plus de 50 000 habitants 7 10 Bayonne
56%
Département 14 3 Bouches-du-Rhône
54%
Département 19 2 Pyrénées-Atlantiques
54%
Préfecture 13 5 Digne-les-Bains
54%
Préfecture 11 5 Châteauroux
53%
Villes de France de plus de 50 000 habitants 10 6 Argenteuil
53%
Etat des USA 19 1 Virginie-Occidentale
51%
Département 13 2 Ille-et-Vilaine
50%
Département 15 2 Loire-Atlantique
50%
Département +20 1 Alpes-de-Haute-Provence
49%
Villes de France de plus de 50 000 habitants 12 8 Saint-Nazaire
49%
Capitale 12 6 Antananarivo
47%
Département 18 1 Pyrénées-Orientales
47%
Département 16 2 Charente-Maritime
46%
Villes de France de plus de 50 000 habitants 8 5 Mulhouse
41%
Villes de France de plus de 50 000 habitants 9 7 Dunkerque
41%
Villes de France de plus de 50 000 habitants 13 6 Aix-en-Provence
40%
Villes de France de plus de 50 000 habitants 19 2 Cherbourg-en-Cotentin
40%
Pays 13 2 Liechtenstein
38%
Pays 14 1 Arabie Saoudite
37%
Pays 16 1 Antigua-et-Barbuda
37%
Ville du monde de plus de 5 millions d'habitants 16 1 Saint-Pétersbourg
34%
Capitale +20 1 Sri Jayawardenapura Kotte
32%
Préfecture 15 1 Clermont-Ferrand
31%
Villes de France de plus de 50 000 habitants 17 3 Issy-les-Moulineaux
28%
Ville du monde de plus de 5 millions d'habitants 9 4 Bangalore
26%
Villes de France de plus de 50 000 habitants 15 4 Villeneuve-d'Ascq
25%
Préfecture 14 1 Cergy-Pontoise
24%
Préfecture 18 1 Châlons-en-Champagne
22%
Préfecture 19 1 Charleville-Mézières
21%
Capitale 16 1 Andorre-la-Vieille
19%
Capitale 17 1 Bandar Seri Begawan
19%
Ville du monde de plusde 5 millions d'habitants 4 1 Xi'an
19%
Villes de France de plus de 50 000 habitants 14 3 Aulnay-sous-Bois
19%
Capitale 13 1 Saint-Domingue
15%
Ville du monde de plus de 5 millions d'habitants 11 2 Guadalajara
15%
Ville du monde de plus de 5 millions d'habitants 14 1 Ho Chi Minh Ville
13%
Villes de France de plus de 50 000 habitants 11 1 Saint-Pierre
12%
Villes de France de plus de 50 000 habitants 18 1 Saint-Maur-des-Fossés
12%
Villes de France de plus de 50 000 habitants 16 2 Asnières-sur-Seine
10%
Ville du monde de plus de 5 millions d'habitants 13 1 Belo Horizonte
4%
Aucun quiz correspondant
Distribution des résultats
% des personnes avec chaque résultat
Percentile par nombre de réponses
Votre historique - résultats
Vous n’avez pas pris ce quiz